Online katalóg knižníc regiónu Turca

Zajatá nevesta (Record no. 22668)

MARC details
000 -LEADER
fixed length control field 01043nam a2200325 a 4500
001 - CONTROL NUMBER
control field 22668
003 - CONTROL NUMBER IDENTIFIER
control field SK-KTurca
005 - DATE AND TIME OF LATEST TRANSACTION
control field 20260415142156.0
008 - FIXED-LENGTH DATA ELEMENTS--GENERAL INFORMATION
fixed length control field 160314s1999 m yxo ra 0 slo
015 ## - NATIONAL BIBLIOGRAPHY NUMBER
National bibliography number SNBA1999/12-04735
020 ## - INTERNATIONAL STANDARD BOOK NUMBER
International Standard Book Number 8071187623
035 ## - SYSTEM CONTROL NUMBER
System control number SNK000328595
040 ## - CATALOGING SOURCE
Original cataloging agency SNK
Language of cataloging slo
Transcribing agency SNK
Description conventions AACR2
044 ## - COUNTRY OF PUBLISHING/PRODUCING ENTITY CODE
MARC country code SK
080 ## - UNIVERSAL DECIMAL CLASSIFICATION NUMBER
Universal Decimal Classification number 820 (73)-3
Edition identifier 1. stred. slo
100 1# - MAIN ENTRY--PERSONAL NAME
Personal name Lindsey, Johana,
Dates associated with a name 1952-2017
240 10 - UNIFORM TITLE
Uniform title Captive bride
Language of a work Slovensky
245 1# - TITLE STATEMENT
Title Zajatá nevesta
Statement of responsibility, etc. Johanna Lindseyová ; [z anglického originálu preložila Tatiana Ruppeldtová]
260 ## - PUBLICATION, DISTRIBUTION, ETC.
Place of publication, distribution, etc. Bratislava
Name of publisher, distributor, etc. Ikar
Date of publication, distribution, etc. 1999
300 ## - PHYSICAL DESCRIPTION
Extent 239 s.
Dimensions 21 cm
500 ## - GENERAL NOTE
General note Údaj o prekl. prevzatý z rubu tit. strany
650 07 - SUBJECT ADDED ENTRY--TOPICAL TERM
Topical term or geographic name entry element americká literatúra
Source of heading or term SNKPH
650 07 - SUBJECT ADDED ENTRY--TOPICAL TERM
Topical term or geographic name entry element ľúbostné romány
Source of heading or term SNKPH
650 07 - SUBJECT ADDED ENTRY--TOPICAL TERM
Topical term or geographic name entry element historické romány
Source of heading or term SNKPH
700 1# - ADDED ENTRY--PERSONAL NAME
Personal name Ruppeldtová, Tatiana,
Dates associated with a name 1921-2006
Relationship prk
730 ## - ADDED ENTRY--UNIFORM TITLE
Uniform title Captive bride
765 0# - ORIGINAL LANGUAGE ENTRY
Title Captive bride
Main entry heading Lindsey, Johanna
942 ## - ADDED ENTRY ELEMENTS (KOHA)
Source of classification or shelving scheme Dewey Decimal Classification
Koha item type Krásna literatúra pre dospelých
Suppress in OPAC No
Holdings
Stav vyradenia Strata Poškodenie Spôsob nadobudnutia Domovská knižnica Aktuálna knižnica Dátum nadobudnutia Total checkouts Čiarový kód exemplára Date last seen Typ exemplára
      Dar Obecná knižnica Horná Štubňa Obecná knižnica Horná Štubňa 15.04.2026   9788071187622 15.04.2026 Krásna literatúra pre dospelých
Projekt je podporený Slovenskou asociáciou knižníc
Prevádzkuje Turčianska knižnica Martin 2026